Cargando...
Sariyath charchakal /
| Autor Principal: | |
|---|---|
| Formato: | Printed Book |
| Idioma: | Malayalam |
| Publicado: |
1988.
|
| LEADER | 00454nam a2200145Ia 4500 | ||
|---|---|---|---|
| 008 | 150624b xxu||||| |||| 00| | mal d | ||
| 082 | |a 297.4 | ||
| 100 | |a Abdu Rahim C. T. | ||
| 245 | |c Abdu Rahim C. T. |a Sariyath charchakal / | ||
| 260 | |c 1988. | ||
| 300 | |a 141 p. | ||
| 546 | |a In Malayalam. | ||
| 942 | |c BK | ||
| 999 | |c 81764 |d 81764 | ||
| 952 | |0 1 |1 0 |4 1 |6 297_400000000000000_ABD_S_M |7 0 |9 81708 |a UL |b UL |c ST1 |d 1998-08-28 |l 0 |o 297.4 ABD/S M |p 61366 |r 2012-10-27 |w 2012-10-27 |y BK | ||